हिन्दी पर्यायवाची कोश / (Record no. 62083)
[ view plain ]
| 000 -LEADER | |
|---|---|
| fixed length control field | 00749nam a22001697a 4500 |
| 005 - DATE AND TIME OF LATEST TRANSACTION | |
| control field | 20120206165619.0 |
| 020 ## - INTERNATIONAL STANDARD BOOK NUMBER | |
| International Standard Book Number | 8173150672 |
| Terms of availability | 500.00 |
| 100 ## - MAIN ENTRY--PERSONAL NAME | |
| Personal name | तिवारी, भोलानाथ |
| 245 ## - TITLE STATEMENT | |
| Title | हिन्दी पर्यायवाची कोश / |
| Statement of responsibility, etc | भोलानाथ तिवारी |
| 260 ## - PUBLICATION, DISTRIBUTION, ETC. (IMPRINT) | |
| Place of publication, distribution, etc | नई दिल्ली |
| Name of publisher, distributor, etc | प्रभात प्रकाशन |
| Date of publication, distribution, etc | 2011 |
| 270 ## - ADDRESS | |
| Address | 4/19, आसफ अली रोड |
| City | नई दिल्ली |
| Postal code | 110002 |
| 300 ## - PHYSICAL DESCRIPTION | |
| Extent | 710पृ. |
| Dimensions | 22सेमी (सजिल्द) |
| 700 ## - ADDED ENTRY--PERSONAL NAME | |
| 9 (RLIN) | 40847 |
| 700 ## - ADDED ENTRY--PERSONAL NAME | |
| 9 (RLIN) | 40848 |
| 942 ## - ADDED ENTRY ELEMENTS (KOHA) | |
| Source of classification or shelving scheme | Dewey Decimal Classification |
| Item type | Hindi Books |
| Call number suffix | तिवारी |
| Withdrawn status | Lost status | Not for loan | Home library | Current library | Date acquired | Cost, normal purchase price | Full call number | Cost, replacement price | Koha item type | Collection code | Barcode |
|---|---|---|---|---|---|---|---|---|---|---|---|
| Ordered | Andrews Gunj | Andrews Gunj | 06/02/2012 | 500.00 | तिवारी | 500.00 | Hindi Books | ||||
| Central Library | Central Library | 20/09/2019 | 400.00 | तिवारी | 400.00 | Hindi Books | Non-fiction | A-963879 |
